000 00765nam a2200253Ia 4500
003 OSt
005 20221005045438.0
006 a|||||r|||| 00| 0
007 ta
008 221004b |||||||| |||| 00| 0 eng d
020 _a8188401056 (pbk)
_c100
024 _a100095
037 _b008, 02/09/2009, Independent Publishers Group
_cTextual
040 _aCRL
_cCRL
_beng
041 _2eng
_aeng
082 _aG:50aX, P3
100 _aFoster John Bellamy
_9144571
245 0 _aEcology against capitalism
260 _aKharagpur
_bCornerstone Pub. India
_c2003
300 _a176p.
_ccm.
650 _aBIOLOGY
942 _hG:50aX, P3
_cTEXL
_2cc
999 _c955022
_d955022